Sports Quiz

Random Sports or University Quiz
Score 0/27 Timer 05:00
0 Plays Today
Rank Team % Correct
2Duke
97.4%
5Michigan
94.4%
1Kansas
92.3%
9Michigan State
89.8%
3Tennessee
88.8%
4Gonzaga
88.3%
6Virginia
86.7%
12North Carolina
84.7%
19Kentucky
83.2%
8Auburn
78.1%
15Ohio State
77%
7Nevada
75.5%
17Villanova
74%
10Florida State
70.9%
Rank Team % Correct
25Indiana
70.9%
11Texas Tech
70.4%
16Wisconsin
69.9%
25Kansas State
68.9%
13Virginia Tech
67.3%
22Iowa
65.8%
20Arizona State
64.8%
14Buffalo
63.8%
25Syracuse
62.2%
18Mississippi State
61.2%
24Houston
51%
23Furman
49%
21Marquette
44.9%
Remove Ads.
Support Sporcle.
Get the best of Sporcle when you Go Orange. This ad-free experience offers more features, more stats, and more fun while also helping to support Sporcle. Thank you for becoming a member.

You're not logged in!

Compare scores with friends on all Sporcle quizzes.
OR
Log In

Show Comments

Extras

Top Quizzes Today


Score Distribution

Your Account Isn't Verified!

In order to create a playlist on Sporcle, you need to verify the email address you used during registration. Go to your Sporcle Settings to finish the process.

Report this User

Report this user for behavior that violates our Community Guidelines.

Details: